| 000 | 00391nam a22000977a 4500 | ||
|---|---|---|---|
| 999 |
_c2744 _d2744 |
||
| 008 | 180611b ||||| |||| 00| 0 eng d | ||
| 100 | _aDokmfil Catalog | ||
| 245 | _aEuropa, CEPT, PostEurop 2003 (4th ed) | ||
| 260 |
_aSabadell (Barcelona), Spain _bDOMFIL Catalogos Tematicos Internacionales, S.L _c2003 |
||
| 650 | _aTopical Collecting | Europa | CEPT | PostEurop | Europe | Catalogs and Price Lists | ||